| 000 | 00486nam a22001577a 4500 | ||
|---|---|---|---|
| 005 | 20231129090511.0 | ||
| 008 | 231129b |||||||| |||| 00| 0 eng d | ||
| 041 | _aAfrikaans | ||
| 082 | _a340.07 STE | ||
| 100 |
_aSteenhuise, E _lAfrikaans |
||
| 245 |
_aDie Doelstellings van Kliniese Onderrig aan 'n Regsfakulteit / _cE Steenhuisen |
||
| 260 | _c1998 | ||
| 300 |
_bxv, 288 pages ; _c30,4 cm. |
||
| 650 |
_aLegal practice _bLaw |
||
| 942 |
_cBK _6ALISON_BN_VRIES |
||
| 999 |
_c1040 _d1040 |
||